Một số vấn đề mới về FDI tại Việt Nam : Thông tin chuyên đề

Sách giúp bạn đọc kịp thời nắm bắt những thông tin mới nhất về những chính sách huy động và sử dụng vốn đầu tư thích hợp đồng thời tạo ra môi trường đầu tư ngày càng thuận lợi, hấp dẫn đối với các nhà đầu tư nước ngoài, thu hú...

Description complète

Enregistré dans:
Détails bibliographiques
Collectivité auteur: Bộ Kế hoạch và Đầu tư. Trung tâm Thông tin
Format: Livre
Langue:Undetermined
Publié: Hà Nội Trung tâm Thông tin 1996
Sujets:
Tags: Ajouter un tag
Pas de tags, Soyez le premier à ajouter un tag!
Thư viện lưu trữ: Trung tâm Học liệu Trường Đại học Cần Thơ
LEADER 01215nam a2200217Ia 4500
001 CTU_127403
008 210402s9999 xx 000 0 und d
082 |a 332.67309597 
082 |b Tr513 
110 |a Bộ Kế hoạch và Đầu tư. Trung tâm Thông tin 
245 0 |a Một số vấn đề mới về FDI tại Việt Nam : 
245 0 |b Thông tin chuyên đề 
245 0 |c Bộ Kế hoạch và Đầu tư 
260 |a Hà Nội 
260 |b Trung tâm Thông tin 
260 |c 1996 
520 |a Sách giúp bạn đọc kịp thời nắm bắt những thông tin mới nhất về những chính sách huy động và sử dụng vốn đầu tư thích hợp đồng thời tạo ra môi trường đầu tư ngày càng thuận lợi, hấp dẫn đối với các nhà đầu tư nước ngoài, thu hút và sử dụng nguồn vốn FDI đúng hướng, đúng mục tiêu. 
650 |a Project management,Investments, foreign,Corporate governance 
650 |x Law and legislation 
904 |i Giang 
980 |a Trung tâm Học liệu Trường Đại học Cần Thơ